Taxonomix revision of South American Stenocercus (Sguamata: Iguania) Lizards (Registro nro. 13665)
[ vista simple ]
| 000 -CABECERA | |
|---|---|
| Campo de control | 003950000a22001330004500 |
| 090 ## - CLASIFICACIÓN LOCAL | |
| Colección | AR |
| Consecutivo | 04565 |
| 041 0# - IDIOMA | |
| Código de idioma para texto/pista de sonido o título separado | |
| 100 1# - ASIENTO PRINCIPAL--NOMBRE PERSONAL | |
| Nombre personal | Torres Carvajal, Omar |
| 245 10 - MENCION DE TITULO | |
| Título | Taxonomix revision of South American Stenocercus (Sguamata: Iguania) Lizards |
| 300 ## - DESCRIPCION FISICA | |
| Otros detalles físicos | ilus., maps. |
| 650 14 - ASIENTO SECUNDARIO DE MATERIA - TERMINO TEMATICO | |
| Término temático o nombre geográfico como elemento de entrada | Taxonomía |
| 773 1# - Item fuente: | |
| Título | Herpetological monographis |
| Descripción física | 21 |
| Paginas del Articulo | 76-178 p. |
| Lugar, editorial y fecha de publicación | 2007 |
| 942 ## - ELEMENTOS ADICIONALES (KOHA) | |
| Tipo de ítem | Artículo |
| Withdrawn status | Lost status | Damaged status | No para préstamo | Colección | Ubicación Permanente | Ubicación actual | Fecha de adquisición | Datos de publicación Seriada | Total Checkouts | Número topográfico | Inventario / Código de Barras | Date last seen | Ejemplar | Price effective from | Forma de adquisición | Tipo de material |
|---|---|---|---|---|---|---|---|---|---|---|---|---|---|---|---|---|
| No para Préstamo | Hemeroteca | Bogotá | Bogotá | 24/02/2010 | Fuera de circulación | AR 04565 | 027908 | 25/03/2015 | 1 | 25/03/2015 | Artículo |